000 00489nam a2200157Ia 4500
008 100122s9999 xx 000 0 und d
082 _b13294
_a332.6322
100 _aरानडे स अ
245 _aशेअर्सचा व्यापार
250 _a0
260 _bउद्यम प्रकाशन
_c1965
300 _a40
630 _aशेअर्सचा व्यापार
730 _aशेअर्सचा व्यापार
942 _cBOOK
999 _c404125
_d404122